Statistics for Pokemon Generation Quiz

Click here to take the quiz!

General Stats

  • This quiz has been taken 26 times
    (18 since last reset)
  • The average score is 9 of 18

Answer Stats

Game(s)Answer% Correct
Pokémon Sun, Ultra Sun, Moon and Ultra MoonAlola
94%
Pokémon Sword and ShieldGalar
94%
Pokémon Gold, Silver, and CrystalJohto
94%
Pokémon Red, Blue, and YellowKanto
94%
Pokémon Ruby, Sapphire, and EmeraldHoenn
88%
Pokémon X and YKalos
88%
Pokémon Diamond, Pearl, and PlatinumSinnoh
82%
Pokémon Black, Black 2, White, and White 2Unova
82%
Pokémon Legends ArceusHisui
76%
Pokémon Scarlet and VioletPaldea
71%
Pokémon Ranger: Shadows of AlmiaPokémon Ranger: Shadows of {Almia}
24%
New Pokémon SnapLental
12%
Pokémon Coliseum and Gale of DarknessOrre
12%
Pokémon Masters EXPasio
12%
Pokken Tournament and Pokken Tournament DXFerrum
6%
Pokémon RangerFiore
6%
Pokémon Ranger: Guardian SignsOblivia
6%
Pokémon ConquestRansei
6%

Score Distribution

Percentile by Number Answered

Percent of People with Each Score

Your Score History

You have not taken this quiz since the last reset